000 00563nam a22001817a 4500
005 20251108172642.0
008 250721s1997 xx 000 0 ara d
082 1 4 _a341,75/است
245 1 0 _aالاستثمار و العقود التجارية الدولية . /
264 1 _aالقدس :
_bجامعة بيرزيت،
_c1997.
300 _a111 ص
650 1 7 _aالقانون التجاري
650 1 7 _aالقانون الدولي
650 1 7 _aالتجارة الدولية
650 1 7 _aالأستثمارات
942 _2ddc
_cBK
999 _c85024
_d85024